Vākyapadīya : (Record no. 66989)

MARC details
000 -LEADER
fixed length control field 01148nam a22002897a 4500
005 - DATE AND TIME OF LATEST TRANSACTION
control field 20120521154315.0
008 - FIXED-LENGTH DATA ELEMENTS--GENERAL INFORMATION
fixed length control field 120521t xxu||||| |||| 00| 0 eng d
010 ## - LCCN (DPL NO)
LC control number ENG-105375
020 ## - INTERNATIONAL STANDARD BOOK NUMBER
International Standard Book Number 9788124606094
Terms of availability 700.00
020 ## - INTERNATIONAL STANDARD BOOK NUMBER
International Standard Book Number 8124606099
Terms of availability 700.00
035 ## - SYSTEM CONTROL NUMBER
System control number EN-88908
037 ## - SOURCE OF ACQUISITION
Source of stock number/acquisition DBAD/PUB
040 ## - CATALOGING SOURCE
Original cataloging agency DPL
Language of cataloging Eng
082 ## - DEWEY DECIMAL CLASSIFICATION NUMBER
Classification number 491.25
100 ## - MAIN ENTRY--PERSONAL NAME
9 (RLIN) 47159
Personal name Sharda Narayanan
Dates associated with a name 1968-
245 ## - TITLE STATEMENT
Title Vākyapadīya :
Statement of responsibility, etc by Sharda Narayanan
Remainder of title sphoṭa, jāti and dravya /
260 ## - PUBLICATION, DISTRIBUTION, ETC. (IMPRINT)
Place of publication, distribution, etc New Delhi
Name of publisher, distributor, etc D.K. Printworld
Date of publication, distribution, etc 2012
270 ## - ADDRESS
Address 'Srikunj', F-52, Bali Nagar, Ramesh Nagar Metro Station
City New Delhi
Postal code 110015
300 ## - PHYSICAL DESCRIPTION
Extent ix, 281 p.
Dimensions 23cm(Hb)
500 ## - GENERAL NOTE
General note Includes bibliographical references (p. [261]-264) and index.
546 ## - LANGUAGE NOTE
Language note Includes verses in Sanskrit
Information code or alphabet (Devanagari and roman).
600 ## - SUBJECT ADDED ENTRY--PERSONAL NAME
Personal name Bhartr̥hari
9 (RLIN) 47621
650 ## - SUBJECT ADDED ENTRY--TOPICAL TERM
Topical term or geographic name as entry element Sanskrit language
General subdivision Grammar.
9 (RLIN) 47622
650 ## - SUBJECT ADDED ENTRY--TOPICAL TERM
Topical term or geographic name as entry element Sanskrit language
General subdivision Philosophy.
9 (RLIN) 47623
942 ## - ADDED ENTRY ELEMENTS (KOHA)
Source of classification or shelving scheme Dewey Decimal Classification
Item type English Books
Classification part 491.25
Call number suffix SHA
Holdings
Withdrawn status Lost status Source of classification or shelving scheme Damaged status Not for loan Collection code Home library Current library Date acquired Source of acquisition Cost, normal purchase price Total Checkouts Full call number Barcode Date last seen Copy number Cost, replacement price Koha item type
    Dewey Decimal Classification   Not For Loan Non-fiction D.B.Act.Division D.B.Act.Division 21/05/2012 DBAD/PUB 700.00   491.25 SHA EN-88908 21/05/2012 1 700.00 English Books

© Delhi Public Library
Hit Counter
free hit counter